000 01438nam a22002897a 4500
001 1419
005 20251121100824.0
020 _a9789995054908
040 _aFISKH
_beng
_cFISKH
_dFISKH
082 _a636.2
100 _aSarith, Huot
245 _aសត្វក្នុងកសិដ្ឋាន /
_cគូររូបដោយ Catherine Fichaux និង Jean Grosson
250 _aបោះពុម្ពលើកទី ៧ កក្កដា ២០២១
260 _aToulouse :
_bSipar,
_c1998.
300 _a37 pages :
_bcolor illustrations ;
_c25 cm
490 _aស្វែងយល់ពី
505 _aZ
520 _aបង្ហាញពីប្រភេទសត្វខុសៗគ្នានៅក្នុងកសិដ្ឋាន អំពីការរស់នៅ រូបរាងលក្ខណៈ និងចំណីអាហា​រដែលពួកវាស៊ី។
520 _aDescribe the different species of animals on the farm about their life, appearance, characteristics, and the food they eat.
521 _a890
_bLexile estimate
521 _aZ
_bRaz-Plus
650 _aសត្វនៅក្នុងកសិដ្ឋាន
_vចំណីាអាហារ
_xរូបរាង
650 _aFarm animals
_vFood
_xAppearance
700 _aFichaux, Catherine
_cillustrator
700 _aGrosson, Jean
_cillustrator
942 _2ddc
_cBK
_n0
999 _c1419
_d1419